The noble scholar, jurist, historian


 His Excellency Dr. Abdul Wahhab bin Ibrahim Abu Sulaiman, may Allah have mercy on him.


 He was born in Umm Al-Qura in the year 1356 AH.

الجامع للرسائل والأطاريح في الجامعات العراقية : (Record no. 13691)

MARC details
000 -LEADER
fixed length control field 01254cam a2200277 i 4500
003 - CONTROL NUMBER IDENTIFIER
control field SA-RiAUC
005 - DATE AND TIME OF LATEST TRANSACTION
control field 20251225122900.0
008 - FIXED-LENGTH DATA ELEMENTS--GENERAL INFORMATION
fixed length control field 251222s2002 xxk g b 000 0 ara c
040 ## - CATALOGING SOURCE
Original cataloging agency KW-ShULA
Language of cataloging ara
Transcribing agency SA-RiAUC
Description conventions rda
043 ## - GEOGRAPHIC AREA CODE
Geographic area code a-iq---
082 04 - DEWEY DECIMAL CLASSIFICATION NUMBER
Classification number 011.7509567
090 ## - LOCALLY ASSIGNED LC-TYPE CALL NUMBER (OCLC); LOCAL CALL NUMBER (RLIN)
Classification number (OCLC) (R) ; Classification number, CALL (RLIN) (NR) 011.7509567
Local cutter number (OCLC) ; Book number/undivided call number, CALL (RLIN) ص ف ا
100 1# - MAIN ENTRY--PERSONAL NAME
Personal name الصفار، إبتسام مرهون،
Dates associated with a name 1940-
Relator term مؤلف.
245 12 - TITLE STATEMENT
Title الجامع للرسائل والأطاريح في الجامعات العراقية :
Remainder of title شاملة جميع التخصصات (1388-1421 هـ-1967-2000 م) /
Statement of responsibility, etc. جمع وإعداد ابتسام مرهون الصفار، وليد بن أحمد الحسين.
250 ## - EDITION STATEMENT
Edition statement الطبعة الأولى.
264 #1 - PRODUCTION, PUBLICATION, DISTRIBUTION, MANUFACTURE, AND COPYRIGHT NOTICE
Place of production, publication, distribution, manufacture ليدز، بريطانيا :
Name of producer, publisher, distributor, manufacturer مجلة الحكمة،
Date of production, publication, distribution, manufacture, or copyright notice 2002
300 ## - PHYSICAL DESCRIPTION
Extent 1241 صفحة ؛
Dimensions 24 سم.
336 ## - CONTENT TYPE
Content type term نص
Content type code txt
Source rdacontent
Materials specified كتاب
337 ## - MEDIA TYPE
Media type term بدون وسيط
Media type code n
Source rdamedia
338 ## - CARRIER TYPE
Carrier type term مجلد
Carrier type code nc
Source rdacarrier
440 #0 - SERIES STATEMENT/ADDED ENTRY--TITLE
Title سلسلة إصدارات الحكمة
Volume/sequential designation 9
650 #7 - SUBJECT ADDED ENTRY--TOPICAL TERM
Topical term or geographic name entry element الرسائل الجامعية
Geographic subdivision العراق
Form subdivision ببليوجرافيات
Source of heading or term aucsh
700 1# - ADDED ENTRY--PERSONAL NAME
Personal name الزبيدي، وليد بن أحمد الحسين
Relator term مؤلف.
942 ## - ADDED ENTRY ELEMENTS (KOHA)
Source of classification or shelving scheme Dewey Decimal Classification
Koha item type Books
Suppress in OPAC No
949 ## - LOCAL PROCESSING INFORMATION (OCLC)
a SA-JeALM
d 251222
u mohamedma123
n 1
Holdings
Withdrawn status Lost status Source of classification or shelving scheme Damaged status Not for loan Home library Current library Date acquired Total checkouts Full call number Barcode Date last seen Price effective from Koha item type
    Dewey Decimal Classification     DR AbdElwahab Library DR AbdElwahab Library 12/25/2025   011.7509567 ص ف ا 000021960 12/25/2025 12/25/2025 Books